| 000 | 00364 a2200157 4500 | ||
|---|---|---|---|
| 001 | 47744 | ||
| 020 | _a9788566470017 | ||
| 040 | _cAnchieta - Aquarius | ||
| 100 | _aPitta, Pati | ||
| 240 | 1 | 0 |
_aÉ assim que as coisas são? _lpor |
| 245 | 1 | 0 | _aÉ assim que as coisas são? |
| 300 | _a47 | ||
| 362 | 0 | _a2013 | |
| 650 | 4 | _aLiteratura infanto-juvenil | |
| 942 | _cBK | ||
| 999 |
_c47744 _d47744 |
||